Quizzes
Events
Quiz Creation
Community
Videos
Private Events
Remove Ads
Sign In
Join for FREE
Feedback
Dark Mode
Quiz Categories
Sports
Geography
Music
Movies
Television
Just For Fun
Miscellaneous
History
Literature
Language
Science
Gaming
Entertainment
Religion
Holiday
For Kids
Quiz Lab
Recent
Popular Today
Quiz Kudos Today
Editor Picks
Curator Picks
Quizzes by...
Day
Popularity
Type
Ratings
Length
Year
Community
Subscriptions
Recent Discussions
Orange Saloon
Badges
Playlists
Quests
Create
Leaderboards
Showdown
Live 5
Trivia Bingo
Activity
Puzzle Library
Sporcle Events
Private Events
Virtual Trivia
Globe League
Become a Host
Pub Owners
SporcleCon
Opinionation
Our Games
Videos
Blog
Mobile Apps
Partnerships
Remove Ads and Go Orange
Feedback
Language
Vocabulary
Begins and Ends
Definition
Spanish
French
German
Italian
Chinese
Latin
Translation
Japanese
Language
Vocabulary
Begins and Ends
Definition
Spanish
French
German
Italian
Chinese
Latin
Translation
Japanese
Random Quiz
Search Sporcle
×
Quiz Lab
Quiz Lab
Language
Italian
Type in answers that appear in a list
Type in answers that appear in a list
Classic
Best Score? Go Orange.
Capitolo 2 Stats
Can you name the Capitolo 2
By
matteafalk
10m
115 Questions
3 Plays
3 Plays
3 Plays
Comments
Comments
Give Quiz Kudos
Give Quiz Kudos
-
- Ratings
hide this ad
Replay
Link that replays current quiz
Next Quiz
Link to next quiz in quiz playlist
You Got
0%
They Got
Avg Score
57%
Avg Friend Score
Upgrade to see
Score Distribution
Jump to the score distribution portion of the page
Score
0/115
Timer
10:00
0
Plays Today
Hint
Answer
% Correct
small
piccolo
100%
to be
essere
66.7%
child (m.)
il bambino
66.7%
child (f.)
la bambina
66.7%
library
la biblioteca
66.7%
hair
i capelli
66.7%
woman
la donna
66.7%
eye
l'occhio
66.7%
eyes
gli occhi
66.7%
clock; watch
l'orologio
66.7%
young man
il ragazzo
66.7%
young woman
la ragazza
66.7%
money
i soldi
66.7%
man
l'uomo
66.7%
men
gli uomini
66.7%
tall
alto
66.7%
other; another
altro
66.7%
American
americano
66.7%
very old; ancient
antico
66.7%
very old; ancient (m. pl.)
antichi
66.7%
unlikeable; unfriendly
antipatico
66.7%
unlikeable; unfriendly (m. pl.)
antipatici
66.7%
(sky) blue
azzurro
66.7%
short (in height)
basso
66.7%
beautiful; handsome (person); nice (thing)
bello
66.7%
white
bianco
66.7%
blond
biondo
66.7%
good; able; capable
bravo
66.7%
ugly; unpleasant
brutto
66.7%
Canadian
canadese
66.7%
pretty; cute
carino
66.7%
expensive; dear
caro
66.7%
bad; naughty; mean
cattivo
66.7%
Chinese
cinese
66.7%
short (in length)
corto
66.7%
French
francese
66.7%
kind
gentile
66.7%
yellow
giallo
66.7%
Japanese
giapponese
66.7%
Hint
Answer
% Correct
young
giovane
66.7%
big; great
grande
66.7%
fat
grasso
66.7%
gray
grigio
66.7%
gray (m. pl.)
grigi
66.7%
English
inglese
66.7%
secure
sicuro
66.7%
insecure
insicuro
66.7%
interestin
interessante
66.7%
Irish
irlandese
66.7%
responsible
responsabile
66.7%
irresponsible
irresponsabile
66.7%
Italian
italiano
66.7%
long
lungo
66.7%
long (m. pl.)
lunghi
66.7%
thin
magro
66.7%
Mexican
messicano
66.7%
much; many; alot
molto
66.7%
black
nero
66.7%
nervous
nervoso
66.7%
boring
noioso
66.7%
new
nuovo
66.7%
honest
onesto
66.7%
proud
orgoglioso
66.7%
lazy
pigro
66.7%
poor
povero
66.7%
rich
ricco
66.7%
rich (m. pl.)
ricchi
66.7%
red
rosso
66.7%
Russian
russo
66.7%
nice; likeable
simpatico
66.7%
nice; likeable (m. pl.)
simpatici
66.7%
Spanish
spagnolo
66.7%
athletic
sportivo
66.7%
tired
stanco
66.7%
tired (m. pl.)
stanchi
66.7%
same
stesso
66.7%
stressed
stressato
66.7%
German
tedesco
66.7%
Hint
Answer
% Correct
calm
tranquillo
66.7%
sad
triste
66.7%
old
vecchio
66.7%
green
verde
66.7%
enough
abbastanza
66.7%
also; too
anche
66.7%
Whose is ...?
Di chi é ...?
66.7%
Whose are?
Di chi sono ...?
66.7%
Where are you from?
Di dove sei?
66.7%
very; a lot
molto
66.7%
because
perché
66.7%
according to
secondo
66.7%
always
sempre
66.7%
OK
va bene
66.7%
lie
la bugia
33.3%
classmate (m.)
il compagno
33.3%
classmate (f.)
la compagna
33.3%
cheerful
allegro
33.3%
white (m. pl.)
bianchi
33.3%
dark (hair)
bruno
33.3%
brown (hair; eyes)
castano
33.3%
wide
largo
33.3%
wide (m. pl.)
larghi
33.3%
what's he like?
Com'é?
33.3%
What are they like?
Come sono?
33.3%
a little bit (of)
un po' (di)
33.3%
dining hall; cafeteria
la mensa
0%
messy
disordinato
0%
energetic
energico
0%
energetic (m. pl.)
energici
0%
sensitive
sensibile
0%
insensitive
insensibile
0%
straight (hair)
liscio
0%
straight (hair; m. pl.)
lisci
0%
curly
riccio
0%
curly (m. pl.)
ricci
0%
Where is he(you f.) from?
Di dov'é? di dov'e
0%
Quiz Playlist
Details
Report
Send in Message
Add To Playlist
Classic:
Type in answers that appear in a list
Last Updated: Feb 16, 2017
Quiz Scoreboard
CHALLENGE
Sign Up to Join the Scoreboard
Show All
Scores
Hide
Comments
May contain spoilers
Recently Published
An Introduction to Baseball
by treessimontrees
Sports
5m
Movies - When Are They Set?
by FPL_Elf
Movies
5m
Popular People in 1961
by mucciniale
History
6m
More to Explore
Quiz From the Vault
Featured Blog Post
Where Did the Easter Bunny Come From?
hide this ad
You Might Also Like...
Tags
Italian Quiz
Today's Top Quizzes in Language
Browse Language
hide this ad
Today's Top Quizzes in Italian
Browse Italian
Top Contributed Quizzes in Language
1
1-10 Letter F Words III
2
Order Up: Top 10 Most Native Spoken Languages
3
1-10 Letter G Words III
4
1-10 Letter H Words III
5
One Thing in Common: Italy
6
1-10 Letter I Words III
7
Weisst du, aus welchen Sprachen diese Wörter stammen?
8
1-10 Letter J Words III
9
Begins and Ends With AN
10
Hiragana Speed Reading
Explore More
Trending Topics
Marvel
Disney
Anime
NBA
Kpop
Crossword
Harry Potter
Pokémon
Song
NFL
WWE
The Office
Country
Puzzle
Soccer
hide this ad
More By:
matteafalk
Quiz
Plays
Rating
Category
Featured
Created
Verbos con Preposiciones
37
Language
Dec 14, 2011
Past Partciples
15
Language
Dec 13, 2011
Capitolo 5
9
Language
Dec 13, 2011
Capitolo 1
9
Language
Dec 11, 2011
Capitolo 6
7
Language
Dec 13, 2011
Go to Creator's Profile
Score Distribution
Quiz Creator Spotlight
matteafalk
Follow
Send a Message
Quizzes Created
-
Created Quiz Play Count
-
More By This Creator
Popular Quizzes Today
1
Find the Countries of Europe - No Outlines Minefield
2
Find the US States - No Outlines Minefield
3
The Countries of the World
4
Popular People in 1961
5
US States
6
1-10 Letter E Words III
7
Find the US States
8
Risky Map Clicking: Biggest States A-Z
More Language Quizzes
Vocabulary Blitz XXVIII
Published
Trending Quizzes
Risky Map Clicking: Least Populous States A-Z
1-10 Letter F Words
1-10 Letter G Words
One Thing in Common: United Kingdom
Risky Map Clicking: Next State Alphabetically
Recently Updated
Leaping Animals
pecheneg
Reality TV Shows (A-Z)
bhenderson79
Rickey Henderson's Hall of Fame Teammates
pecheneg
Champions League XIs: Arsenal
pecheneg
Quick Pick: Celebrities in WWE's Hall of Fame
aduchscher
A-Z Keypad Blitz II
pecheneg
Multiple Oscar Actors
pecheneg
Mystery Phrase Blitz: Oscar 'Best Actors'
pecheneg
F. Scott Fitzgerald Novels
LTH
Pick 3 Villains
ddd62291
Trending Topics
Marvel
Disney
Kpop
Crossword
Harry Potter
NBA
Anime
NFL
Song
WWE
The Office
Country
Puzzle
Pokémon
Soccer
Your Account Isn't Verified!
In order to create a playlist on Sporcle, you need to verify the email address you used during registration. Go to your
Sporcle Settings
to finish the process.
Report this User
Report this user for behavior that violates our
Community Guidelines
.
Details:
Send Report
Go to the Sporcle.com Mobile Site →
Comments